[Event "FIN-chT1A 1819"]
[Site "Finland"]
[Date "2018.09.16"]
[Round "2.8"]
[White "Peltomaa, Jukka"]
[Black "Kakranen, Aapo"]
[Result "1-0"]
[WhiteElo "1954"]
[BlackElo "1945"]
[PlyCount "77"]
[EventDate "2018.09.15"]
[EventType "team-tourn"]
[EventRounds "7"]
[EventCountry "FIN"]
[SourceTitle "EXT 2020"]
[Source "ChessBase"]
[SourceDate "2019.10.17"]
[SourceVersion "1"]
[SourceVersionDate "2019.10.17"]
[SourceQuality "1"]
[WhiteTeam "Raahe Li"]
[BlackTeam "Helsinki HSK"]
[WhiteTeamCountry "FIN"]
[BlackTeamCountry "FIN"]

1. d4 d5 2. Nf3 Nf6 3. c4 e6 4. Nc3 c6 5. e3 Nbd7 6. Qc2 Bd6 7. Bd3 e5 8. cxd5 cxd5 9. e4 dxe4 10. Nxe4 Bb4+ 11. Bd2 Bxd2+ 12. Qxd2 Nxe4 13. Bxe4 Nf6 14. Bc2 e4 15. Ng5 0-0 16. 0-0 Re8 17. Bb3 Nd5 18. Rfe1 Bf5 19. Bxd5 Qxd5 20. f3 exf3 21. Nxf3 Be4 22. Ng5 Bg6 23. Nf3 h6 24. a3 Be4 25. Re3 Rac8 26. Rc1 Red8 27. Rcc3 Rc6 28. Rxc6 bxc6 29. b4 Rd6 30. Ne5 Re6 31. Nf3 Rg6 32. Kf2 f5 33. Rc3 Rd6 34. Re3 g5 35. Re2 g4 36. Ne1 Qxd4+ 37. Qxd4 Rxd4 38. Ke3 Kf7 39. Kxd4 1-0

[Event "Helsinki HSK op"]
[Site "Helsinki"]
[Date "2018.09.02"]
[Round "5"]
[White "Nordlund, Henri"]
[Black "Kakranen, Aapo"]
[Result "1-0"]
[WhiteElo "1861"]
[BlackElo "1919"]
[PlyCount "25"]
[EventDate "2018.08.31"]
[EventType "swiss"]
[EventRounds "5"]
[EventCountry "FIN"]
[SourceTitle "EXT 2021"]
[Source "ChessBase"]
[SourceDate "2020.10.23"]
[SourceVersion "1"]
[SourceVersionDate "2020.10.23"]
[SourceQuality "1"]

1. e4 c6 2. d4 d5 3. f3 dxe4 4. fxe4 e5 5. Nf3 Bg4 6. Bc4 Nd7 7. 0-0 Bxf3 8. Qxf3 Ngf6 9. Qb3 Qe7 10. Qxb7 Rb8 11. Qxc6 exd4 12. e5 Qxe5 13. Bf4 1-0

[Event "Helsinki We HSK kevat A"]
[Site "Helsinki"]
[Date "2017.05.28"]
[Round "4"]
[White "Kakranen, Aapo"]
[Black "Parkkinen, Jyrki"]
[Result "1-0"]
[WhiteElo "1954"]
[BlackElo "2143"]
[PlyCount "43"]
[EventDate "2017.05.26"]
[EventType "swiss"]
[EventRounds "4"]
[EventCountry "FIN"]
[SourceTitle "EXT 2022"]
[Source "ChessBase"]
[SourceDate "2021.10.06"]
[SourceVersion "1"]
[SourceVersionDate "2021.10.06"]
[SourceQuality "1"]

1. d4 e6 2. e4 d5 3. exd5 exd5 4. Bd3 Bd6 5. Nf3 Nf6 6. 0-0 0-0 7. Bg5 Nbd7 8. Nbd2 c6 9. c3 Re8 10. Qc2 Nf8 11. Rfe1 Be7 12. Re2 Bg4 13. Rae1 h6 14. Bxf6 gxf6 15. h3 Bh5 16. g4 Bg6 17. Nh4 Kg7 18. Nf1 Bxd3 19. Qxd3 Ng6 20. Nf5+ Kg8 21. Qd2 Qd7 22. Rxe7 1-0

[Event "Helsinki We HSK kevat A"]
[Site "Helsinki"]
[Date "2017.05.28"]
[Round "5"]
[White "Lahdelma, Henri"]
[Black "Kakranen, Aapo"]
[Result "1-0"]
[WhiteElo "1971"]
[BlackElo "1954"]
[PlyCount "73"]
[EventDate "2017.05.26"]
[EventType "swiss"]
[EventRounds "4"]
[EventCountry "FIN"]
[SourceTitle "EXT 2022"]
[Source "ChessBase"]
[SourceDate "2021.10.06"]
[SourceVersion "1"]
[SourceVersionDate "2021.10.06"]
[SourceQuality "1"]

1. d4 d5 2. c4 c6 3. Nf3 Nf6 4. e3 e6 5. Nc3 Nbd7 6. Qc2 Bb4 7. Bd3 0-0 8. 0-0 Re8 9. a3 Bd6 10. e4 dxc4 11. Bxc4 e5 12. Qb3 Qe7 13. Rd1 exd4 14. Nxd4 Ne5 15. Be2 Nfg4 16. h3 Nf6 17. f4 Bc5 18. Kh1 Ng6 19. e5 Nd7 20. Nf5 Qf8 21. Nd6 Bxd6 22. Rxd6 Nb6 23. Be3 Be6 24. Qb4 Nd5 25. Nxd5 Bxd5 26. Bc4 Ne7 27. Rd1 b6 28. Bxd5 Nxd5 29. Qb3 Rac8 30. Bd2 Qe7 31. Rc1 Qb7 32. Qc2 Ne7 33. Qd3 Nd5 34. Qc4 Ne7 35. e6 f6 36. f5 Red8 37. Rd7 1-0

[Event "Helsinki We HSK kevat A"]
[Site "Helsinki"]
[Date "2017.05.26"]
[Round "1"]
[White "Kakranen, Aapo"]
[Black "Lindholm, Jere"]
[Result "0-1"]
[WhiteElo "1954"]
[BlackElo "2020"]
[PlyCount "60"]
[EventDate "2017.05.26"]
[EventType "swiss"]
[EventRounds "4"]
[EventCountry "FIN"]
[SourceTitle "EXT 2022"]
[Source "ChessBase"]
[SourceDate "2021.10.06"]
[SourceVersion "1"]
[SourceVersionDate "2021.10.06"]
[SourceQuality "1"]

1. d4 Nf6 2. c4 g6 3. Nc3 Bg7 4. Nf3 d5 5. Bg5 Ne4 6. cxd5 Nxg5 7. Nxg5 e6 8. Nf3 exd5 9. e3 0-0 10. Bd3 c6 11. 0-0 Nd7 12. b4 f5 13. b5 Nf6 14. bxc6 bxc6 15. Na4 Ne4 16. Qc2 Qd6 17. Rfc1 Bd7 18. Rab1 Rab8 19. Rxb8 Rxb8 20. Nd2 Qa3 21. Rb1 Rxb1+ 22. Nxb1 Qb4 23. Nac3 c5 24. Nxd5 Qe1+ 25. Bf1 Bb5 26. Ne7+ Kh8 27. h3 Qxf1+ 28. Kh2 Nxf2 29. Qxc5 Qh1+ 30. Kg3 Ne4+ 0-1

[Event "Turku We TSY"]
[Site "Turku"]
[Date "2017.03.25"]
[Round "3"]
[White "Kakranen, Aapo"]
[Black "Nieminen, Markus"]
[Result "1/2-1/2"]
[WhiteElo "1963"]
[BlackElo "2015"]
[PlyCount "23"]
[EventDate "2017.03.24"]
[EventType "swiss"]
[EventRounds "5"]
[EventCountry "FIN"]
[SourceTitle "EXT 2022"]
[Source "ChessBase"]
[SourceDate "2021.10.06"]
[SourceVersion "1"]
[SourceVersionDate "2021.10.06"]
[SourceQuality "1"]

1. d4 Nf6 2. c4 e6 3. a3 d5 4. Nc3 b6 5. cxd5 exd5 6. Bg5 Be7 7. e3 0-0 8. Bd3 Nbd7 9. Nge2 Bb7 10. 0-0 h6 11. Bf4 a6 12. b4 1/2-1/2

[Event "Helsinki We MatSK (rapid)"]
[Site "Helsinki"]
[Date "2017.02.24"]
[Round "2"]
[White "Rehn, Ralf"]
[Black "Kakranen, Aapo"]
[Result "1-0"]
[WhiteElo "2139"]
[BlackElo "1926"]
[PlyCount "51"]
[EventDate "2017.02.24"]
[EventType "swiss (rapid)"]
[EventRounds "7"]
[EventCountry "FIN"]
[SourceTitle "EXT 2022"]
[Source "ChessBase"]
[SourceDate "2021.10.06"]
[SourceVersion "1"]
[SourceVersionDate "2021.10.06"]
[SourceQuality "1"]

1. e4 c6 2. c4 d5 3. cxd5 cxd5 4. e5 Nc6 5. Nf3 Bg4 6. Bb5 Qb6 7. Nc3 e6 8. h3 Bh5 9. a4 Nge7 10. 0-0 Bxf3 11. Qxf3 Ng6 12. Re1 Bb4 13. a5 Qc7 14. Qg4 Bxa5 15. b3 Bxc3 16. dxc3 Qb6 17. Qb4 a6 18. Be3 Qc7 19. Bc5 Qd7 20. Qa3 Qd8 21. Bd6 Kd7 22. Bd3 Nf4 23. Re3 Nxd3 24. Rxd3 Qb6 25. c4 Rad8 26. b4 1-0

[Event "Helsinki We HSK talvi"]
[Site "Helsinki"]
[Date "2017.01.28"]
[Round "3"]
[White "Kakranen, Aapo"]
[Black "Puuska, Heini"]
[Result "0-1"]
[WhiteElo "1937"]
[BlackElo "1931"]
[PlyCount "58"]
[EventDate "2017.01.27"]
[EventType "swiss"]
[EventRounds "5"]
[EventCountry "FIN"]
[SourceTitle "EXT 2022"]
[Source "ChessBase"]
[SourceDate "2021.10.06"]
[SourceVersion "1"]
[SourceVersionDate "2021.10.06"]
[SourceQuality "1"]

1. d4 Nf6 2. c4 e6 3. Nc3 Bb4 4. f3 d5 5. a3 Be7 6. e4 dxe4 7. fxe4 e5 8. d5 a5 9. Be2 0-0 10. Nf3 Nbd7 11. h3 Nh5 12. g4 Bh4+ 13. Kd2 Ng3 14. Rg1 Nc5 15. Bd3 c6 16. Nxh4 Qxh4 17. Kc2 cxd5 18. cxd5 Ngxe4 19. Nxe4 Nxe4 20. Bxe4 f5 21. Bh1 Qxh3 22. Kb1 Bd7 23. Ka2 a4 24. d6 e4 25. Qd5+ Kh8 26. gxf5 Bxf5 27. Qxb7 Be6+ 28. b3 Bxb3+ 29. Kb2 Rf2+ 0-1

[Event "Espoo We MatSK A"]
[Site "Espoo"]
[Date "2016.02.28"]
[Round "5"]
[White "Kakranen, Aapo"]
[Black "Ertbjerg, Per"]
[Result "1-0"]
[WhiteElo "1898"]
[BlackElo "1950"]
[PlyCount "73"]
[EventDate "2016.02.26"]
[EventType "swiss"]
[EventRounds "5"]
[EventCountry "FIN"]
[SourceTitle "EXT 2022"]
[Source "ChessBase"]
[SourceDate "2021.10.06"]
[SourceVersion "1"]
[SourceVersionDate "2021.10.06"]
[SourceQuality "1"]

1. d4 Nf6 2. c4 g6 3. Nc3 d5 4. Bg5 Ne4 5. Nxe4 dxe4 6. h4 Bg7 7. e3 c5 8. Qa4+ Bd7 9. Qc2 cxd4 10. exd4 Bxd4 11. Ne2 Bg7 12. 0-0-0 h6 13. Be3 Qa5 14. Kb1 Ba4 15. b3 Bc6 16. Bd4 e5 17. Bc3 Qb6 18. Nf4 0-0 19. Nd5 Bxd5 20. Rxd5 Nc6 21. h5 Ne7 22. Rd2 e3 23. fxe3 Qxe3 24. Bd3 Rad8 25. Be4 b5 26. Bb4 Rxd2 27. Bxd2 Qc5 28. hxg6 fxg6 29. Bxg6 Rf2 30. Be4 bxc4 31. Bb4 Qd4 32. Rd1 cxb3 33. Qxb3+ Kf8 34. Rxd4 exd4 35. Qe6 Bf6 36. Bg6 Bg5 37. Qe5 1-0

[Event "Espoo We ESK Ponnen maja"]
[Site "Espoo"]
[Date "2015.12.06"]
[Round "4.5"]
[White "Auvinen, Esa"]
[Black "Kakranen, Aapo"]
[Result "1-0"]
[WhiteElo "1971"]
[BlackElo "1922"]
[PlyCount "85"]
[EventDate "2015.12.05"]
[EventType "swiss"]
[EventRounds "5"]
[EventCountry "FIN"]
[SourceTitle "EXT 2022"]
[Source "ChessBase"]
[SourceDate "2021.10.06"]
[SourceVersion "1"]
[SourceVersionDate "2021.10.06"]
[SourceQuality "1"]

1. e4 c6 2. d4 d5 3. exd5 cxd5 4. c4 Nf6 5. Nc3 Nc6 6. Nf3 Bg4 7. cxd5 Nxd5 8. Qb3 Bxf3 9. gxf3 Nb6 10. d5 Nd4 11. Qd1 e5 12. dxe6 fxe6 13. Be3 Bc5 14. Ne4 0-0 15. Nxc5 Nxf3+ 16. Ke2 Qf6 17. Bg2 Nc4 18. Qb3 Nd4+ 19. Bxd4 Qxd4 20. Ne4 Rf4 21. Qc2 Raf8 22. Rhf1 Nxb2 23. Rab1 Na4 24. Rbc1 Qb6 25. Qxa4 Qb2+ 26. Qc2 Qb5+ 27. Qc4 Qh5+ 28. Ke3 Qh6 29. Ke2 Qxh2 30. Qxe6+ Kh8 31. Bh1 Qh5+ 32. f3 Qb5+ 33. Qc4 Qb2+ 34. Rc2 Qe5 35. Rg1 R4f6 36. Qc5 Qh2+ 37. Qf2 Qe5 38. Rg5 Qxe4+ 39. fxe4 Rxf2+ 40. Kd3 Rxc2 41. Kxc2 Rf2+ 42. Kd3 Rxa2 43. Rd5 1-0

[Event "Espoo We ESK Ponnen maja"]
[Site "Espoo"]
[Date "2015.12.05"]
[Round "1.3"]
[White "Kakranen, Aapo"]
[Black "Tumanov, Dmitri"]
[Result "1/2-1/2"]
[WhiteElo "1922"]
[BlackElo "2136"]
[PlyCount "88"]
[EventDate "2015.12.05"]
[EventType "swiss"]
[EventRounds "5"]
[EventCountry "FIN"]
[SourceTitle "EXT 2022"]
[Source "ChessBase"]
[SourceDate "2021.10.06"]
[SourceVersion "1"]
[SourceVersionDate "2021.10.06"]
[SourceQuality "1"]

1. b3 e5 2. Bb2 Nc6 3. e3 g6 4. f4 Bg7 5. Nf3 d6 6. Bb5 Bg4 7. Bxc6+ bxc6 8. h3 Bxf3 9. Qxf3 Ne7 10. fxe5 dxe5 11. Nc3 0-0 12. 0-0-0 Nd5 13. Rhf1 Qd6 14. Ne4 Qe7 15. Nc3 Nxc3 16. Bxc3 e4 17. Qf4 Bxc3 18. dxc3 a5 19. a4 c5 20. Qf6 Qe8 21. h4 Rb8 22. h5 Rb6 23. Qf4 Qe7 24. hxg6 Rxg6 25. g4 c4 26. Kb2 cxb3 27. cxb3 Rb8 28. Rd4 Rgb6 29. Rxe4 Rxb3+ 30. Kc2 Rb2+ 31. Kd3 Rd8+ 32. Rd4 Rxd4+ 33. Qxd4 Rb6 34. Rf5 Rd6 35. Rd5 Qe6 36. c4 Qg6+ 37. Qe4 Qf6 38. Rxd6 cxd6 39. Qa8+ Kg7 40. Qxa5 Qf1+ 41. Ke4 Qxc4+ 42. Kf3 Qf1+ 43. Kg3 Qg1+ 44. Kf3 Qd1+ 1/2-1/2

[Event "Helsinki We HSK:n XVII syys"]
[Site "Helsinki"]
[Date "2015.08.23"]
[Round "4"]
[White "Kakranen, Aapo"]
[Black "Haanpaa, Jorma"]
[Result "0-1"]
[WhiteElo "1900"]
[BlackElo "2014"]
[PlyCount "66"]
[EventDate "2015.08.21"]
[EventType "swiss"]
[EventRounds "5"]
[EventCountry "FIN"]
[SourceTitle "EXT 2022"]
[Source "ChessBase"]
[SourceDate "2021.10.06"]
[SourceVersion "1"]
[SourceVersionDate "2021.10.06"]
[SourceQuality "1"]

1. d4 Nf6 2. c4 e6 3. Nc3 Bb4 4. f3 c5 5. a3 Ba5 6. dxc5 Bxc3+ 7. bxc3 Qa5 8. e4 Qxc5 9. Qd3 Nc6 10. Be3 Qa5 11. f4 Nxe4 12. Ne2 f5 13. g4 Nc5 14. Qd6 Ne4 15. Qd3 0-0 16. Bg2 Nf6 17. g5 Ne8 18. Kf2 Qc7 19. Nd4 Na5 20. c5 a6 21. Rab1 d6 22. cxd6 Nxd6 23. Rhe1 Ndc4 24. Bc1 e5 25. Bd5+ Kh8 26. g6 exd4 27. Qxd4 Nd6 28. Qb4 Rd8 29. Be3 Nac4 30. Bc5 a5 31. Bxd6 Nxd6 32. Qd4 Ne4+ 33. Kg1 Qxf4 0-1

[Event "Helsinki We HSK:n XVII syys"]
[Site "Helsinki"]
[Date "2015.08.21"]
[Round "1"]
[White "Koskinen, Veikko"]
[Black "Kakranen, Aapo"]
[Result "1/2-1/2"]
[WhiteElo "1960"]
[BlackElo "1900"]
[PlyCount "21"]
[EventDate "2015.08.21"]
[EventType "swiss"]
[EventRounds "5"]
[EventCountry "FIN"]
[SourceTitle "EXT 2022"]
[Source "ChessBase"]
[SourceDate "2021.10.06"]
[SourceVersion "1"]
[SourceVersionDate "2021.10.06"]
[SourceQuality "1"]

1. Nf3 f5 2. d3 d5 3. c4 c6 4. Nbd2 Nf6 5. g3 Nbd7 6. Bg2 e5 7. 0-0 g6 8. cxd5 cxd5 9. Qa4 Bg7 10. Nxe5 0-0 11. Nxd7 1/2-1/2

[Event "Jarvenpaa We JarvSK"]
[Site "Jarvenpaa"]
[Date "2014.09.21"]
[Round "5"]
[White "Kakranen, Aapo"]
[Black "Kugappi, Tomi"]
[Result "1-0"]
[WhiteElo "1846"]
[BlackElo "1964"]
[PlyCount "41"]
[EventDate "2014.09.20"]
[EventType "swiss"]
[EventRounds "5"]
[EventCountry "FIN"]
[SourceTitle "EXT 2022"]
[Source "ChessBase"]
[SourceDate "2021.10.06"]
[SourceVersion "1"]
[SourceVersionDate "2021.10.06"]
[SourceQuality "1"]

1. c4 Nf6 2. g3 e6 3. Bg2 d5 4. Nf3 c6 5. 0-0 Bd6 6. d3 Nbd7 7. b3 0-0 8. Bb2 Re8 9. Nbd2 e5 10. cxd5 cxd5 11. e4 Nb6 12. exd5 Nfxd5 13. Nc4 f6 14. Nfd2 Be6 15. d4 exd4 16. Bxd4 Bf8 17. Nxb6 axb6 18. Nc4 Bc5 19. Re1 Rb8 20. Bxc5 bxc5 21. Rxe6 1-0

[Event "Helsinki We ESK Group A"]
[Site "Helsinki"]
[Date "2013.12.07"]
[Round "4"]
[White "Kakranen, Aapo"]
[Black "Tiilikainen, Mikko"]
[Result "0-1"]
[WhiteElo "1798"]
[BlackElo "1955"]
[PlyCount "54"]
[EventDate "2013.12.05"]
[EventType "swiss"]
[EventRounds "7"]
[EventCountry "FIN"]
[SourceTitle "EXT 2022"]
[Source "ChessBase"]
[SourceDate "2021.10.06"]
[SourceVersion "1"]
[SourceVersionDate "2021.10.06"]
[SourceQuality "1"]

1. c4 e6 2. e4 d5 3. exd5 exd5 4. d4 Nf6 5. Nf3 Bb4+ 6. Bd2 Bxd2+ 7. Nbxd2 0-0 8. c5 Re8+ 9. Be2 Qe7 10. Ne5 Nfd7 11. Ndf3 Nxe5 12. dxe5 Qxc5 13. 0-0 c6 14. Re1 Bf5 15. Rc1 Qb4 16. Nd4 Bg6 17. Bg4 c5 18. Nf5 Nc6 19. g3 Qxb2 20. Rb1 Qxa2 21. Rxb7 Bxf5 22. Bxf5 g6 23. e6 f6 24. e7 Nd4 25. Bd7 Qa6 26. Qb1 Ne2+ 27. Kh1 Rxe7 0-1